Pedagogía sistemática / (Record no. 124593)

MARC details
000 -LEADER
campo de control de longitud fija 00628nam a2200217 i 4500
001 - NÚMERO DE CONTROL
campo de control 124593
003 - IDENTIFICADOR DE NÚMERO DE CONTROL
campo de control ES-MaACL
005 - FECHA Y HORA DE LA ÚLTIMA TRANSACCIÓN
campo de control 20250813062631.0
007 - CAMPO FIJO DE DESCRIPCIÓN FÍSICA--INFORMACIÓN GENERAL
campo de control de longitud fija t|
008 - DATOS DE LONGITUD FIJA--INFORMACIÓN GENERAL
campo de control de longitud fija 070409s1935 sp ||||1| spa d
080 ## - NÚMERO DE LA CLASIFICACIÓN DECIMAL UNIVERSAL
Número de la Clasificación Decimal Universal 371
100 1# - ENTRADA PRINCIPAL--NOMBRE DE PERSONA
Nombre de persona Flitner, Wilhelm.
9 (RLIN) 162253
245 10 - MENCIÓN DEL TÍTULO
Título Pedagogía sistemática /
Mención de responsabilidad, etc. Wilthelm Flitner ; traducción de José Ferrater Mora.
260 ## - PUBLICACIÓN, DISTRIBUCIÓN, ETC.
Lugar de publicación, distribución, etc. Barcelona :
Nombre del editor, distribuidor, etc. Labor,
Fecha de publicación, distribución, etc. [1935]
300 ## - DESCRIPCIÓN FÍSICA
Extensión 199 p. ;
Dimensiones 17 cm.
490 1# - MENCIÓN DE SERIE
Mención de serie Colección Labor ;
Designación de volumen o secuencia 365
700 1# - ENTRADA AGREGADA--NOMBRE PERSONAL
Nombre de persona Ferrater Mora, José.
9 (RLIN) 50338
830 00 - PUNTO DE ACCESO ADICIONAL DE SERIE-TÍTULO UNIFORME
Título uniforme Colección Labor
Designación de volumen o secuencia 365
9 (RLIN) 184254
852 ## - LOCALIZACIÓN
Ubicación ES-MaACL
Número de control de estantería E-2842
Holdings
Estatus retirado Estado de pérdida Estado de daño No para préstamo Biblioteca de origen Biblioteca actual Ubicación en estantería Fecha de adquisición Fuente de adquisición Total de préstamos Signatura topográfica completa Código de barras Visto por última vez Precio de reemplazo Tipo de ítem Koha
        Biblioteca del Ateneo de Madrid Biblioteca del Ateneo de Madrid Depósito 2 17/01/2008     E-2842 1129810 23/02/2023 23/02/2023 Libro impreso